<?xml version="1.0" encoding="UTF-8"?>
<record
    xmlns:xsi="http://www.w3.org/2001/XMLSchema-instance"
    xsi:schemaLocation="http://www.loc.gov/MARC21/slim http://www.loc.gov/standards/marcxml/schema/MARC21slim.xsd"
    xmlns="http://www.loc.gov/MARC21/slim">

  <leader>00700cam a22002171  4500</leader>
  <controlfield tag="001">ca 30000020 </controlfield>
  <controlfield tag="003">DLC</controlfield>
  <controlfield tag="005">20260227111122.0</controlfield>
  <controlfield tag="008">880203s1923    pl aceh  b    001 0 pol  </controlfield>
  <datafield tag="010" ind1=" " ind2=" ">
    <subfield code="a">ca 30000020 </subfield>
  </datafield>
  <datafield tag="035" ind1=" " ind2=" ">
    <subfield code="a">(OCoLC)19939930</subfield>
  </datafield>
  <datafield tag="040" ind1=" " ind2=" ">
    <subfield code="a">DLC</subfield>
    <subfield code="c">PU</subfield>
    <subfield code="d">DLC</subfield>
  </datafield>
  <datafield tag="042" ind1=" " ind2=" ">
    <subfield code="a">premarc</subfield>
  </datafield>
  <datafield tag="050" ind1="0" ind2="0">
    <subfield code="a">Z818.K89</subfield>
    <subfield code="b">K</subfield>
  </datafield>
  <datafield tag="100" ind1="1" ind2=" ">
    <subfield code="a">Konczy&#x144;ska, Wanda.</subfield>
  </datafield>
  <datafield tag="245" ind1="1" ind2="0">
    <subfield code="a">Zarys historji Bibljoteki Jagiello&#x144;skiej,</subfield>
    <subfield code="b">z 40 rycinami w tek&#x15B;cie i 3 planami.</subfield>
  </datafield>
  <datafield tag="260" ind1=" " ind2=" ">
    <subfield code="a">Krak&#xF3;w,</subfield>
    <subfield code="b">Nak&#x142;ad w&#x142;asny,</subfield>
    <subfield code="c">1923.</subfield>
  </datafield>
  <datafield tag="300" ind1=" " ind2=" ">
    <subfield code="a">iv, 203 p.</subfield>
    <subfield code="b">illus. (incl. ports., plans, facsims.) III plans</subfield>
    <subfield code="c">29 cm.</subfield>
  </datafield>
  <datafield tag="500" ind1=" " ind2=" ">
    <subfield code="a">"Z zasi&#x142;kiem 800.000 m. Ministerstwa W. R. i O. P."</subfield>
  </datafield>
  <datafield tag="610" ind1="2" ind2="0">
    <subfield code="a">Biblioteka Jagiello&#x144;ska.</subfield>
  </datafield>
  <datafield tag="999" ind1=" " ind2=" ">
    <subfield code="c">16566</subfield>
    <subfield code="d">16566</subfield>
  </datafield>
</record>
